Statistics for Movies with Names in the Title #3

Click here to take the quiz!

General Stats

  • This quiz has been taken 42,771 times
  • The average score is 16 of 27

Answer Stats

Movie% Correct
{Mary} Poppins
97%
Who Framed {Roger} Rabbit?
92%
{Charlie}'s Angels
91%
{Buffy} the Vampire Slayer
87%
Dirty {Harry}
86%
Free {Willy}
84%
{Charlotte}'s Web
84%
Wreck-It {Ralph}
78%
Forgetting {Sarah} Marshall 
74%
A Fish Called {Wanda}
73%
Mad {Max} Beyond Thunderdome
68%
{Billy} Elliot
66%
Monty Python's Life of {Brian}
63%
The People vs. {Larry} Flynt
54%
{Jacob}'s Ladder
53%
{Annie} Get Your Gun
50%
The Book of {Eli}
49%
{Angela}'s Ashes
44%
Chasing {Amy}
41%
La Femme {Nikita}
38%
The Outlaw {Josey} Wales
38%
{Hannah} and Her Sisters
35%
{Herbie} Fully Loaded
34%
The Life Aquatic with {Steve} Zissou
30%
{Leon}: The Professional
28%
{Barb} Wire
14%
{Madea}'s Witness Protection
12%

Score Distribution

Percentile by Number Answered

Percent of People with Each Score

Your Score History

You have not taken this quiz